Statistics for Chain Reaction #3

Click here to take the quiz!

General Stats

  • This quiz has been taken 90 times
  • The average score is 3 of 14

Answer Stats

HintAnswer% Correct
B - Something you readBook
100%
CClub
41%
SSandwich
29%
BBall
20%
MMeat
19%
PPark
17%
UUp
17%
WWay
15%
BBack
14%
YYard
12%
HHold
10%
WWork
7%
LLift
5%
SShop
5%

Score Distribution

Percentile by Number Answered

Percent of People with Each Score

Your Score History

You have not taken this quiz